header

Iurisprudentiae Antehadrianae Quae Supersunt (Record no. 106392)

MARC details
000 -LEADER
fixed length control field 01180nam a2200277 a 4500
245 00 - TITLE STATEMENT
Title Iurisprudentiae Antehadrianae Quae Supersunt
260 ## - PUBLICATION, DISTRIBUTION, ETC. (IMPRINT)
Place of publication Lipsiae :
Name of publisher In Aedibus B.G. Teubneri,
Year of publication 1985.
300 ## - PHYSICAL DESCRIPTION
Number of Pages xxvi, 639 p.
650 #0 - SUBJECT ADDED ENTRY--TOPICAL TERM
Topical Term Roman law
700 1# - ADDED ENTRY--PERSONAL NAME
Personal name Bremer, F. P.
856 40 - ELECTRONIC LOCATION AND ACCESS
Uniform Resource Identifier http://site.ebrary.com/lib/rucke/Doc?id=10591653

No items available.

© 2026 Rongo University
Contact us: librarian | system librarian | Rongo university